00717nam a22002057a 450000500170000001000150001702000260003203500140005803700090007208200200008110000260010124500500012725000060017726000290018327000530021230000210026594200310028699900190031795201750033620251217160228.0 aENG-147346 a9789390514502c895.00 aEN-130878 bDBAD a306.8450899521 aKukreja, Reena986134 aWhy Would i Be Married here?/ cReena Kukreja a1 aNew Delhi bZubaanc2022 a128 B Shahpur Jat, 1st FloorbNew Delhi e110049 a284p. c22cm(pb) 2ddccENmKUKh306.84508995 c213957d213957 001040708NFICaZLSbZLSd2025-12-17eDelivery of Books Act Divisiong895.00l1oKUK 306.84508995pEN-130878r2026-04-27 15:56:18s2026-04-13t1v895.00w2025-12-17yEN